Crime police and correction (Record no. 525)
[ view plain ]
| 000 -LEADER | |
|---|---|
| fixed length control field | 00696nam a22002417a 4500 |
| 008 - FIXED-LENGTH DATA ELEMENTS--GENERAL INFORMATION | |
| fixed length control field | 130623b xxu||||| |||| 00| 0 eng d |
| 020 ## - INTERNATIONAL STANDARD BOOK NUMBER | |
| International Standard Book Number | 81-7024-939-2 |
| 024 ## - OTHER STANDARD IDENTIFIER | |
| Terms of availability | available |
| 037 ## - SOURCE OF ACQUISITION | |
| Terms of availability | available |
| 040 ## - CATALOGING SOURCE | |
| Original cataloging agency | MBSTU Library |
| Modifying agency | MBSTU Library |
| 082 ## - DEWEY DECIMAL CLASSIFICATION NUMBER | |
| Edition number | 22 |
| Classification number | 345.05 VAC |
| 100 ## - MAIN ENTRY--PERSONAL NAME | |
| Personal name | Chary, James vadackm |
| 245 ## - TITLE STATEMENT | |
| Title | Crime police and correction |
| 250 ## - EDITION STATEMENT | |
| Edition statement | 1st edition |
| 260 ## - PUBLICATION, DISTRIBUTION, ETC. (IMPRINT) | |
| Place of publication, distribution, etc. | New Delhi |
| Name of publisher, distributor, etc. | APH Publishing |
| Date of publication, distribution, etc. | 1998 |
| 300 ## - PHYSICAL DESCRIPTION | |
| Extent | 21 cm |
| Other physical details | 259 page |
| Type of unit | 10 |
| Size of unit | 21 cm |
| 600 ## - SUBJECT ADDED ENTRY--PERSONAL NAME | |
| Personal name | Crime |
| 700 ## - ADDED ENTRY--PERSONAL NAME | |
| Personal name | Chary, James vadackm |
| 270 ## - ADDRESS | |
| Address | NewDelhi |
| City | New Delhi |
| Country | India |
| 365 ## - TRADE PRICE | |
| Price amount | 900.00 |
| Unit of pricing | 900.00 |
| 942 ## - ADDED ENTRY ELEMENTS (KOHA) | |
| Source of classification or shelving scheme | |
| Koha item type | Books |
No items available.
